000 01111nam a22002657a 4500
005 2009080405165.0
008 090728t xxu||||| |||| 00| 0 pun d
010 _aPUN-7433
020 _c250.00
_a9788178563138
035 _aPN-6551
037 _bDBAD / PUB/Waris Shah Foundations
040 _adpl
_bPN
082 _a854
100 _937323
_aਬ੍ਰਹਮਜਗਦੀਸ਼ ਸਿੰਘ
245 _aਪੰਜਾਬੀ ਆਲੋਚਨਾ :
_cਬ੍ਰਹਮਜਗਦੀਸ਼ ਸਿੰਘ
_bਆਰੰਭ, ਵਿਕਾਸ ਅਤੇ ਪ੍ਰਣਲੀਆਂ /
246 _aPunjabi Alochna ;Arambh, Vikas te parnalian
_bby Brahm Jagdish Singh
260 _aAmritsar
_bWaris Shah Foundations
_c2012
270 _b42, Guru Teg Bahadur Nagar,
_aAmritsar (Pb)
_k0183-2450520
_e143 002
300 _a208ਪਂ;
_b21ਸੇਂਮੀ(ਸਜਿਲਦ)
650 _937324
650 _937325
700 _952947
942 _2ddc
_cPN
_h854
_mਬ੍ਰਹਮ
999 _c70994
_d70994